[Event "ICS rated standard match"]
[Site "204.178.125.65"]
[Date "2001.04.28"]
[Round "?"]
[White "Hossa"]
[Black "QuarkX"]
[Result "0-1"]
[WhiteElo "2329"]
[BlackElo "2307"]
[PlyCount "166"]
[EventDate "2001.??.??"]

1. d4 Nf6 2. c4 e6 3. Nf3 d5 4. Bg5 dxc4 5. Nc3 Be7 6. e3 c5 7. dxc5 Qa5 8.
Bxc4 Qxc5 9. Qe2 Bd7 10. O-O Bc6 11. e4 Nbd7 12. Bd3 O-O 13. Rac1 Qa5 14. Nb5
Nc5 15. Nc3 Nxd3 16. Qxd3 Rfd8 17. Qe2 e5 18. Rfd1 Rac8 19. Bxf6 Bxf6 20. Rxd8+
Qxd8 21. Qe3 Qa5 22. a3 Rd8 23. Ne1 h6 24. Nf3 Be7 25. Qe1 Bd7 26. b4 Qxa3 27.
Nd5 Bd6 28. Ra1 Qd3 29. Rd1 Qa6 30. Ra1 Qc4 31. Nd2 Qd3 32. Rxa7 Bc6 33. Nf1 f5
34. b5 Qxb5 35. Ng3 fxe4 36. Ne3 Qb4 37. Qa1 Bc5 38. Ra8 Rxa8 39. Qxa8+ Kh7 40.
Qc8 Qb3 41. Ngf1 Qf7 42. Ng3 g6 43. h3 Bd4 44. Qd8 h5 45. Ngf1 b5 46. Qd6 Ba8
47. Qb8 Bb7 48. Qd6 Kg7 49. Ng3 Ba8 50. Ngf1 Qa7 51. Kh1 Qb7 52. Nd2 Qf7 53.
Kg1 Qa7 54. Ndf1 Kf7 55. Nd1 Qb7 56. Qd8 b4 57. Qh8 b3 58. Qh7+ Kf6 59. Qh8+
Ke7 60. Qg7+ Kd6 61. Qxg6+ Kc5 62. Qg8 b2 63. Nd2 Qd5 64. Qf8+ Kb5 65. Qb8+ Bb7
66. Kf1 h4 67. Nb1 Qc6 68. Ke1 Qb6 69. g4 hxg3 70. fxg3 Ka4 71. Qe8+ Bc6 72.
Qc8 Qb4+ 73. Kf1 Bb5+ 74. Kg2 Qe1 75. Qc2+ Kb4 76. Nf2 Qf1+ 77. Kh2 e3 78. Nd1
e2 79. Qd2+ Kc5 80. Qe3 Bxe3 81. Nxe3 Qf2+ 82. Ng2 e1=Q 83. Nd2 Qeg1# {
Hossa checkmated} 0-1

[Event "ICS rated blitz match"]
[Site "204.178.125.65"]
[Date "2001.04.28"]
[Round "?"]
[White "QueenMaxima"]
[Black "Hossa"]
[Result "1/2-1/2"]
[WhiteElo "2421"]
[BlackElo "2567"]
[PlyCount "96"]
[EventDate "2001.??.??"]

1. d4 Nf6 2. Nf3 g6 3. Nc3 d5 4. Bf4 Bg7 5. e3 O-O 6. Bd3 c5 7. dxc5 Ne4 8.
Bxe4 dxe4 9. Nd2 Na6 10. Ndxe4 f5 11. Ng5 Qxd1+ 12. Rxd1 Bxc3+ 13. bxc3 Nxc5
14. O-O h6 15. Nf3 g5 16. Be5 Be6 17. a3 Bc4 18. Rfe1 b5 19. Nd4 Rac8 20. f4
Ne4 21. Nf3 Rcd8 22. Rd4 g4 23. Nh4 Bd5 24. Rb4 Bc4 25. a4 a5 26. Rb2 bxa4 27.
Rb7 Rf7 28. Ra7 a3 29. Rxa5 a2 30. Ra4 Rc8 31. Rd1 e6 32. Ng6 Rb7 33. Rb4 Rd7
34. Ra1 Kf7 35. Nh8+ Ke8 36. Ng6 Rd2 37. Rb7 Rxc2 38. Bd4 Rc5 39. Bxc5 Nxc5 40.
Rc7 Nb3 41. Rxa2 Rxa2 42. Rc8+ Kd7 43. Rxc4 Ra1+ 44. Kf2 Ra2+ 45. Kg1 Ra1+ 46.
Kf2 Ra2+ 47. Kg1 Ra1+ 48. Kf2 Ra2+ {Game drawn by repetition} 1/2-1/2

[Event "ICS rated blitz match"]
[Site "204.178.125.65"]
[Date "2001.04.28"]
[Round "?"]
[White "Tinker"]
[Black "Hossa"]
[Result "1-0"]
[WhiteElo "2293"]
[BlackElo "2561"]
[PlyCount "73"]
[EventDate "2001.??.??"]

1. e4 c5 2. Nf3 d6 3. d4 cxd4 4. Nxd4 Nf6 5. Nc3 g6 6. g3 Bg7 7. Bg2 O-O 8. O-O
Nc6 9. Nde2 Be6 10. Nd5 Ng4 11. Nef4 Bd7 12. Kh1 Bd4 13. Nd3 f5 14. Qe2 fxe4
15. Bxe4 Bg7 16. Bg5 Nge5 17. Nxe5 Bxe5 18. c3 Bh3 19. Rfe1 Rf7 20. f4 Bf6 21.
Nxf6+ exf6 22. Bh4 d5 23. Rad1 Rd7 24. Bc2 Re7 25. Qf3 g5 26. Rxe7 Nxe7 27.
fxg5 f5 28. g6 hxg6 29. Re1 Qa5 30. Rxe7 Qxa2 31. Bf6 Bg4 32. Qf4 Bf3+ 33. Qxf3
b6 34. Qf4 Qa3 35. bxa3 Re8 36. Rxe8+ Kf7 37. Qc7+ {Hossa resigns} 1-0

[Event "ICS rated standard match"]
[Site "204.178.125.65"]
[Date "2001.04.29"]
[Round "?"]
[White "yourmomm"]
[Black "Hossa"]
[Result "0-1"]
[WhiteElo "1381"]
[BlackElo "2312"]
[PlyCount "42"]
[EventDate "2001.??.??"]

1. d4 Nf6 2. c4 e6 3. Nc3 Bb4 4. Bd2 O-O 5. g3 d5 6. cxd5 exd5 7. Bg2 Nc6 8.
Nf3 Bg4 9. e3 Qd7 10. O-O Bh3 11. Qc2 Bxg2 12. Kxg2 Bxc3 13. Bxc3 Ne4 14. Nd2
Nd6 15. e4 dxe4 16. Nxe4 Nb5 17. Nc5 Qd5+ 18. Kg1 Nbxd4 19. Bxd4 Nxd4 20. Rfd1
Nxc2 21. Rxd5 Nxa1 {yourmomm resigns} 0-1

[Event "ICS rated standard match"]
[Site "204.178.125.65"]
[Date "2001.04.29"]
[Round "?"]
[White "expert101"]
[Black "Hossa"]
[Result "0-1"]
[WhiteElo "2022"]
[BlackElo "2317"]
[PlyCount "66"]
[EventDate "2001.??.??"]

1. e4 d5 2. exd5 Qxd5 3. d4 e5 4. dxe5 Qxe5+ 5. Be2 Bg4 6. h3 Bxe2 7. Nxe2 Nd7
8. Nbc3 Ngf6 9. Bf4 Qa5 10. O-O O-O-O 11. Qc1 h6 12. a3 g5 13. Be3 Qf5 14. Nd4
Qg6 15. f3 Nh5 16. Nde2 Kb8 17. b4 Bg7 18. Rb1 Bxc3 19. Nxc3 Rhe8 20. Ne4 f5
21. Nc5 Ng3 22. Re1 f4 23. Bf2 Ne2+ 24. Rxe2 Rxe2 25. Qd1 Qxc2 26. Nxd7+ Rxd7
27. Qxd7 Qxb1+ 28. Kh2 b6 29. Qd8+ Kb7 30. Qd5+ Kc8 31. Qa8+ Kd7 32. Qd5+ Ke7
33. Bd4 Qf1 {expert101 resigns} 0-1

[Event "ICS rated standard match"]
[Site "204.178.125.65"]
[Date "2001.04.29"]
[Round "?"]
[White "Hossa"]
[Black "tol4511"]
[Result "0-1"]
[WhiteElo "2322"]
[BlackElo "2660"]
[PlyCount "140"]
[EventDate "2001.??.??"]

1. d4 d5 2. c4 dxc4 3. Nf3 Nf6 4. e3 e6 5. Bxc4 c5 6. Qe2 a6 7. dxc5 Bxc5 8.
O-O b5 9. Bd3 Nc6 10. Rd1 Qc7 11. Nc3 O-O 12. Ne4 Nxe4 13. Bxe4 f5 14. Bxc6
Qxc6 15. Bd2 Qc7 16. Rac1 Qe7 17. Ne5 Bb7 18. Qh5 Rfd8 19. Bc3 Rac8 20. Be1
Rxd1 21. Rxd1 Bd5 22. Rc1 g6 23. Qh6 Qb7 24. Nd3 Bf8 25. Qg5 Rxc1 26. Nxc1 Qc7
27. e4 Bxe4 28. Ne2 Bd5 29. b3 Qe5 30. Qe3 Qxe3 31. fxe3 e5 32. Bc3 Bd6 33. Ng3
Kf7 34. Kf2 Ke6 35. Bd2 Bc5 36. Kf1 b4 37. Bc1 a5 38. Bd2 a4 39. bxa4 Bxa2 40.
Ne2 Bb3 41. a5 Bc4 42. Bc1 b3 43. Kf2 Bb4 44. Bb2 Bxa5 45. Nc3 Bb6 46. g3 f4
47. gxf4 exf4 48. Nd1 Bd3 49. Bc1 Ke5 50. Nc3 g5 51. Na4 Ba7 52. Kf3 g4+ 53.
Kf2 Kd5 54. Nc3+ Kc4 55. Nd1 Bg6 56. Ke2 g3 57. hxg3 fxg3 58. Kf1 Kd3 59. Ba3
Be4 60. Ke1 g2 61. Nf2+ Kxe3 62. Nh3 Bd4 63. Bc1+ Kf3 64. Ng5+ Kg4 65. Nxe4
g1=Q+ 66. Kd2 Qe3+ 67. Kd1 Qxe4 68. Bh6 Qd3+ 69. Ke1 Kf3 70. Be3 Qe2# {
Hossa checkmated} 0-1

[Event "ICS rated standard match"]
[Site "204.178.125.65"]
[Date "2001.04.29"]
[Round "?"]
[White "Purdy34"]
[Black "Hossa"]
[Result "1-0"]
[WhiteElo "1400"]
[BlackElo "2318"]
[PlyCount "141"]
[EventDate "2001.??.??"]

1. e4 c5 2. Nf3 d6 3. d4 cxd4 4. Qxd4 Nc6 5. Bb5 Bd7 6. Bxc6 Bxc6 7. Nc3 Nf6 8.
Bg5 e6 9. O-O-O Be7 10. Rhe1 O-O 11. Qd2 Qa5 12. Kb1 Kh8 13. Nd4 Rfc8 14. f4
Qb4 15. e5 dxe5 16. fxe5 Nd5 17. Ne4 f6 18. exf6 gxf6 19. Qxb4 Bxb4 20. Bd2 e5
21. Nxc6 Rxc6 22. Bxb4 Nxb4 23. c3 Na6 24. Rd7 Rg8 25. Rf1 Rc7 26. Rd2 Rc6 27.
Nxf6 Rf8 28. Rdf2 Nc5 29. Kc2 Ra6 30. a3 Rd6 31. Rf5 b6 32. g3 Rfd8 33. R1f2
Nd3 34. Re2 Kg7 35. Ne4 Rd5 36. h3 Rb5 37. b4 Rbd5 38. Rf3 a5 39. Ree3 axb4 40.
axb4 Nxb4+ 41. cxb4 Rd4 42. Rf5 Rxb4 43. Rxe5 Rc4+ 44. Rc3 Rxc3+ 45. Kxc3 Kf7
46. Kc4 Ra8 47. Rb5 Rb8 48. Kd5 Kg6 49. g4 Kg7 50. Nd6 Kf6 51. h4 Kg7 52. Kc6
Kf6 53. Ne4+ Kg7 54. Rxb6 Rc8+ 55. Kd5 Rc7 56. h5 Rc8 57. h6+ Kh8 58. Rb7 Rd8+
59. Ke5 Ra8 60. Kf4 Rf8+ 61. Kg5 Rc8 62. Kh4 Kg8 63. Nf6+ Kf8 64. Nxh7+ Ke8 65.
Nf6+ Kf8 66. h7 Rc7 67. h8=Q+ Kf7 68. Qh7+ Kxf6 69. Qxc7 Ke6 70. Rb5 Kf6 71.
Rb6# {Hossa checkmated} 1-0

[Event "ICS rated blitz match"]
[Site "204.178.125.65"]
[Date "2001.04.29"]
[Round "?"]
[White "Hossa"]
[Black "Tinker"]
[Result "1-0"]
[WhiteElo "2535"]
[BlackElo "2328"]
[PlyCount "101"]
[EventDate "2001.??.??"]

1. e4 e5 2. Nf3 Nc6 3. Bc4 Bc5 4. c3 Nf6 5. d4 exd4 6. O-O Nxe4 7. cxd4 d5 8.
dxc5 dxc4 9. Qxd8+ Nxd8 10. Re1 f5 11. Nc3 O-O 12. Nxe4 fxe4 13. Rxe4 c3 14.
bxc3 Bd7 15. Re7 Rf7 16. Rxf7 Nxf7 17. Bf4 Rc8 18. Re1 Kf8 19. c4 Nd8 20. Ne5
Bf5 21. g4 Bc2 22. Be3 Nf7 23. c6 Nxe5 24. Bc5+ Kg8 25. Rxe5 b6 26. Bb4 Bd3 27.
c5 Bc4 28. cxb6 cxb6 29. Re7 Rxc6 30. Rxa7 Bd5 31. Bd2 b5 32. a3 Rc2 33. Be3
Re2 34. h3 Re1+ 35. Kh2 g6 36. Rd7 Be6 37. Rd8+ Kg7 38. Bd4+ Kh6 39. f4 Re2+
40. Kg3 Rd2 41. Bg7+ Kxg7 42. Rxd2 Bc4 43. Rd7+ Kg8 44. f5 gxf5 45. gxf5 h6 46.
f6 Bf7 47. Kh4 Kf8 48. Rxf7+ Kxf7 49. Kh5 Kxf6 50. Kxh6 Kf5 51. Kg7 {
Tinker resigns} 1-0

[Event "ICS rated standard match"]
[Site "204.178.125.65"]
[Date "2001.04.29"]
[Round "?"]
[White "Hossa"]
[Black "petereks"]
[Result "0-1"]
[WhiteElo "2316"]
[BlackElo "2465"]
[PlyCount "162"]
[EventDate "2001.??.??"]

1. d4 Nf6 2. c4 e6 3. Nf3 d5 4. e3 dxc4 5. Bxc4 c5 6. O-O a6 7. dxc5 Qxd1 8.
Rxd1 Bxc5 9. a3 b5 10. Bd3 Bb7 11. b4 Bxf3 12. gxf3 Bb6 13. a4 bxa4 14. Rxa4 h5
15. Na3 h4 16. b5 Nfd7 17. bxa6 Nc5 18. Bb5+ Ke7 19. Rg4 Nbxa6 20. Nc4 Bc7 21.
Ba3 Kf6 22. Bb2+ Ke7 23. Bc3 h3 24. Bxg7 Rhb8 25. Bc6 Rd8 26. Ra1 Nb3 27. Rb1
Rab8 28. Rf1 Nb4 29. Ba4 Nc5 30. Bd1 f5 31. Rg5 Rg8 32. Kh1 Nbd3 33. Be2 Kf7
34. Bh6 Rg6 35. Rxg6 Kxg6 36. Bf4 Bxf4 37. Bxd3 Nxd3 38. exf4 Kf6 39. Ne3 Rb4
40. Ra1 Nxf2+ 41. Kg1 Nd3 42. Rd1 Nxf4 43. Nf1 e5 44. Kf2 Kg5 45. Rd8 Ne6 46.
Rg8+ Kf4 47. Ng3 Rb2+ 48. Ne2+ Rxe2+ 49. Kxe2 Nd4+ 50. Kd3 Nxf3 51. Rg3 e4+ 52.
Ke2 Nxh2 53. Rxh3 Nf3 54. Rh1 Nd4+ 55. Kd2 Nb3+ 56. Kc3 Nc5 57. Kd4 Ne6+ 58.
Kd5 Ng5 59. Ra1 e3 60. Re1 Nf3 61. Re2 Ne5 62. Kd4 Ng4 63. Kd3 Kg3 64. Re1 Kf2
65. Re2+ Kf3 66. Re1 f4 67. Rf1+ Nf2+ 68. Kd4 Kg2 69. Re1 Ng4 70. Ra1 f3 71.
Kd3 e2 72. Kd2 Nf6 73. Ke1 Ne4 74. Rc1 Ng3 75. Kd2 f2 76. Kd3 f1=Q 77. Re1 Qxe1
78. Kc4 Qa5 79. Kb3 e1=Q 80. Kb2 Qac3+ 81. Ka2 Qea1# {Hossa checkmated} 0-1

[Event "ICS rated standard match"]
[Site "204.178.125.65"]
[Date "2001.04.29"]
[Round "?"]
[White "Gargantuan"]
[Black "Hossa"]
[Result "1-0"]
[WhiteElo "2565"]
[BlackElo "2306"]
[PlyCount "81"]
[EventDate "2001.??.??"]

1. c4 b6 2. d4 Bb7 3. d5 e6 4. a3 Nf6 5. Nc3 Bd6 6. Nf3 exd5 7. cxd5 O-O 8. Bg5
h6 9. Bh4 Be7 10. e3 Nxd5 11. Nxd5 Bxh4 12. Nxh4 c6 13. Nf5 cxd5 14. Nd6 Bc6
15. Qd4 Qe7 16. Nf5 Qg5 17. g4 Re8 18. h4 Qg6 19. Bd3 Kh8 20. O-O-O Bb7 21. h5
Qc6+ 22. Kb1 f6 23. g5 hxg5 24. Rc1 Qe6 25. h6 g6 26. Ng7 Nc6 27. Nxe6 Nxd4 28.
Nxd4 f5 29. Rc7 Bc8 30. Nf3 g4 31. Ng5 Rf8 32. Bb5 f4 33. exf4 Rxf4 34. Re1 Rf8
35. Re7 Rb8 36. Bc6 Ba6 37. Rh7+ Kg8 38. Rg7+ Kh8 39. Bxd5 Bd3+ 40. Kc1 Rxf2
41. Rh7# {Hossa checkmated} 1-0

[Event "ICS rated standard match"]
[Site "204.178.125.65"]
[Date "2001.04.29"]
[Round "?"]
[White "Hossa"]
[Black "Pepsigirl"]
[Result "1-0"]
[WhiteElo "2300"]
[BlackElo "1769"]
[PlyCount "75"]
[EventDate "2001.??.??"]

1. d4 d5 2. c4 e6 3. Nc3 Nf6 4. Bg5 Bb4 5. Nf3 O-O 6. e3 c5 7. dxc5 Bxc5 8.
cxd5 exd5 9. Bxf6 Qxf6 10. Qxd5 Bb4 11. Qe5 Bxc3+ 12. Qxc3 Qxc3+ 13. bxc3 Nc6
14. Bb5 Bd7 15. O-O-O Be8 16. Rhg1 a6 17. Bxc6 Bxc6 18. Nd4 Rac8 19. Kb2 Be4
20. f3 Bg6 21. g4 Rc5 22. Nb3 Re5 23. f4 Rxe3 24. f5 Re2+ 25. Rd2 Re3 26. fxg6
fxg6 27. Nc5 Rc8 28. Nxb7 Rcxc3 29. Rd8+ Kf7 30. Rd7+ Kg8 31. Rf1 Rcd3 32. Rxd3
Rxd3 33. Rf2 Rd4 34. Nc5 Rb4+ 35. Kc3 Rxg4 36. Nxa6 Ra4 37. Nc5 Rh4 38. a4 {
Pepsigirl resigns} 1-0

[Event "ICS rated standard match"]
[Site "204.178.125.65"]
[Date "2001.04.29"]
[Round "?"]
[White "Icus"]
[Black "Hossa"]
[Result "0-1"]
[WhiteElo "1400"]
[BlackElo "2300"]
[PlyCount "34"]
[EventDate "2001.??.??"]

1. e4 d6 2. Nf3 Nf6 3. d3 e5 4. c4 Be7 5. Nc3 O-O 6. Nd5 Nxd5 7. exd5 c6 8. b3
cxd5 9. d4 e4 10. Ng5 Bxg5 11. cxd5 Qa5+ 12. Bd2 Qxd5 13. Rc1 Bxd2+ 14. Qxd2 b5
15. Be2 Bb7 16. O-O e3 17. fxe3 Qxg2# {Icus checkmated} 0-1

[Event "ICS rated standard match"]
[Site "204.178.125.65"]
[Date "2001.04.29"]
[Round "?"]
[White "Hossa"]
[Black "Accad"]
[Result "1-0"]
[WhiteElo "2301"]
[BlackElo "1705"]
[PlyCount "63"]
[EventDate "2001.??.??"]

1. e4 e6 2. Nf3 d5 3. Nc3 d4 4. Ne2 c5 5. b4 b6 6. d3 Bb7 7. Bb2 Nf6 8. bxc5
bxc5 9. Rb1 Qc7 10. Bc1 Nbd7 11. Bf4 e5 12. Nxe5 Nxe5 13. Bxe5 Qa5+ 14. c3 Ba6
15. Bxf6 gxf6 16. Qd2 h5 17. cxd4 Qxd2+ 18. Kxd2 Bh6+ 19. Kc2 cxd4 20. Nxd4
Rc8+ 21. Kd1 O-O 22. Nf5 Kh7 23. d4 Rc6 24. d5 Bxf1 25. dxc6 Bxg2 26. Re1 Bf3+
27. Kc2 Bf4 28. h3 Rc8 29. Ne7 Rc7 30. Rb7 Kg7 31. Nf5+ Kg6 32. Rg1+ {
Accad resigns} 1-0

[Event "ICS rated standard match"]
[Site "204.178.125.65"]
[Date "2001.04.29"]
[Round "?"]
[White "Accad"]
[Black "Hossa"]
[Result "0-1"]
[WhiteElo "1704"]
[BlackElo "2302"]
[PlyCount "33"]
[EventDate "2001.??.??"]

1. d4 d5 2. Nd2 Nf6 3. e3 e6 4. Bd3 c5 5. c3 Nc6 6. a3 e5 7. Ne2 cxd4 8. exd4
Bd6 9. O-O e4 10. Bc2 Bxh2+ 11. Kxh2 Ng4+ 12. Kg3 Qd6+ 13. Nf4 g5 14. Nxe4 dxe4
15. Bxe4 Rg8 16. Qe2 gxf4+ 17. Bxf4 {Accad resigns} 0-1

[Event "ICS rated standard match"]
[Site "204.178.125.65"]
[Date "2001.04.29"]
[Round "?"]
[White "Hossa"]
[Black "Accad"]
[Result "1-0"]
[WhiteElo "2303"]
[BlackElo "1703"]
[PlyCount "43"]
[EventDate "2001.??.??"]

1. e4 e6 2. Nf3 d5 3. Nc3 Nf6 4. e5 Nfd7 5. d4 a6 6. Bd3 c5 7. dxc5 Bxc5 8. O-O
h6 9. a3 Nc6 10. Re1 Qc7 11. b4 Ba7 12. Bb2 b5 13. Qd2 Bb7 14. a4 Nxb4 15. Nxb5
axb5 16. Qxb4 bxa4 17. Rxa4 Nc5 18. Bb5+ Nd7 19. Qd6 Qxd6 20. exd6 Rg8 21. Ne5
Bc8 22. Bd4 {Accad resigns} 1-0

[Event "ICS rated standard match"]
[Site "204.178.125.65"]
[Date "2001.04.29"]
[Round "?"]
[White "Accad"]
[Black "Hossa"]
[Result "0-1"]
[WhiteElo "1702"]
[BlackElo "2304"]
[PlyCount "72"]
[EventDate "2001.??.??"]

1. e4 c5 2. Nf3 d6 3. d3 Nc6 4. g3 Nf6 5. Bg2 Rb8 6. O-O e5 7. a3 Be7 8. Nc3
O-O 9. Bg5 Be6 10. Qd2 Nd4 11. Bxf6 Bxf6 12. Nxd4 cxd4 13. Ne2 Qc7 14. f4 Rbc8
15. c4 dxc3 16. bxc3 exf4 17. d4 fxg3 18. hxg3 Rfe8 19. Rab1 b6 20. Rbc1 Bc4
21. Rxf6 gxf6 22. Nf4 Kh8 23. Nh5 Rg8 24. Qf4 Qe7 25. Nxf6 Rg6 26. e5 dxe5 27.
dxe5 Qxa3 28. Be4 Rxg3+ 29. Kf2 Rh3 30. Nxh7 Qc5+ 31. Kg2 Qe3 32. Qf6+ Kg8 33.
Qg5+ Qxg5+ 34. Nxg5 Rh5 35. Nf3 Be2 36. Kg3 Bxf3 {Accad resigns} 0-1

[Event "ICS rated standard match"]
[Site "204.178.125.65"]
[Date "2001.04.29"]
[Round "?"]
[White "Hossa"]
[Black "Accad"]
[Result "1-0"]
[WhiteElo "2305"]
[BlackElo "1701"]
[PlyCount "46"]
[EventDate "2001.??.??"]

1. Nf3 d5 2. d4 Bg4 3. Ne5 Nf6 4. Nxg4 Nxg4 5. e4 Nf6 6. exd5 Nxd5 7. Bd3 e6 8.
O-O Nd7 9. c4 N5f6 10. Nc3 c6 11. Bg5 Bd6 12. Ne4 Bc7 13. Qc2 h6 14. Bh4 g5 15.
Bg3 Nh5 16. Nd6+ Bxd6 17. Bxd6 Ndf6 18. Be5 Rg8 19. Qb3 b6 20. Be2 Nf4 21. Bf3
Rc8 22. Qa4 Nd7 23. Bxc6 f6 {Accad resigns} 1-0

[Event "ICS rated standard match"]
[Site "204.178.125.65"]
[Date "2001.04.29"]
[Round "?"]
[White "Accad"]
[Black "Hossa"]
[Result "0-1"]
[WhiteElo "1700"]
[BlackElo "2306"]
[PlyCount "43"]
[EventDate "2001.??.??"]

1. e4 c5 2. f4 e5 3. d3 exf4 4. Bxf4 Ne7 5. Nf3 d5 6. e5 Ng6 7. Bg3 Nc6 8. c3
Bg4 9. d4 cxd4 10. cxd4 Qb6 11. Nc3 Qxb2 12. Nxd5 Bxf3 13. gxf3 Nxd4 14. Nc7+
Kd8 15. Bh3 Kxc7 16. e6+ Kd8 17. O-O fxe6 18. Bxe6 Bc5 19. Rb1 Qe2 20. Rxb7
Qxe6 21. Re1 Qd5 22. Kg2 {Accad resigns} 0-1

[Event "ICS rated standard match"]
[Site "204.178.125.65"]
[Date "2001.04.29"]
[Round "?"]
[White "Hossa"]
[Black "Accad"]
[Result "1-0"]
[WhiteElo "2307"]
[BlackElo "1699"]
[PlyCount "51"]
[EventDate "2001.??.??"]

1. Nf3 Nf6 2. c4 c5 3. Nc3 d6 4. d4 cxd4 5. Nxd4 Bd7 6. e4 a6 7. Bd3 Nc6 8. Be3
g6 9. Nd5 Bg7 10. Nxc6 bxc6 11. Bb6 Qb8 12. Nc7+ Kf8 13. Nxa8 Qxa8 14. O-O Qb7
15. Qb3 c5 16. e5 Nh5 17. f4 Bc6 18. g3 dxe5 19. Bxc5 exf4 20. Qxb7 Bxb7 21.
Rae1 Bf6 22. g4 Rg8 23. Be4 Bxe4 24. Rxe4 Ng7 25. Rfxf4 Ne6 26. Rxe6 {
Accad resigns} 1-0

[Event "ICS rated standard match"]
[Site "204.178.125.65"]
[Date "2001.04.29"]
[Round "?"]
[White "Accad"]
[Black "Hossa"]
[Result "0-1"]
[WhiteElo "1698"]
[BlackElo "2308"]
[PlyCount "38"]
[EventDate "2001.??.??"]

1. d4 Nf6 2. Nf3 g6 3. c3 Bg7 4. Nbd2 d5 5. e3 O-O 6. Bd3 Nc6 7. e4 e5 8. O-O
dxe4 9. Nxe4 exd4 10. cxd4 Nxd4 11. Bg5 Bg4 12. Re1 Bxf3 13. gxf3 Ne6 14. Bh4
Qd4 15. Qc2 Nh5 16. Be7 Rfe8 17. Ba3 Qd8 18. Rad1 Nd4 19. Be2 Nxc2 {
Accad resigns} 0-1

[Event "ICS rated standard match"]
[Site "204.178.125.65"]
[Date "2001.04.29"]
[Round "?"]
[White "Hossa"]
[Black "Accad"]
[Result "1-0"]
[WhiteElo "2311"]
[BlackElo "1695"]
[PlyCount "35"]
[EventDate "2001.??.??"]

1. Nf3 d5 2. d4 Bf5 3. Bf4 e6 4. e3 c6 5. Nc3 h6 6. Bd3 Bg4 7. h3 Bh5 8. g4 Bg6
9. Bxg6 fxg6 10. Qd3 Ne7 11. h4 Nd7 12. O-O-O Qa5 13. Rde1 Nf6 14. Ne5 h5 15.
Nxg6 Nxg6 16. Qxg6+ Kd7 17. g5 Ng4 18. f3 {Accad resigns} 1-0

[Event "ICS rated standard match"]
[Site "204.178.125.65"]
[Date "2001.04.29"]
[Round "?"]
[White "Hossa"]
[Black "SuperChicken"]
[Result "1-0"]
[WhiteElo "2312"]
[BlackElo "2309"]
[PlyCount "110"]
[EventDate "2001.??.??"]

1. Nf3 Nf6 2. c4 e6 3. g3 d5 4. Bg2 dxc4 5. Qa4+ Nbd7 6. O-O a6 7. Qxc4 b5 8.
Qc6 Rb8 9. d4 Bb7 10. Qc2 c5 11. Be3 Rc8 12. Qd2 Bd6 13. Bf4 Bxf4 14. Qxf4 O-O
15. dxc5 Rxc5 16. Nbd2 Bxf3 17. Bxf3 Qb8 18. Qxb8 Rxb8 19. Rac1 Rbc8 20. Nb3
Rc2 21. Bb7 Rxc1 22. Rxc1 Rxc1+ 23. Nxc1 Nc5 24. Bc6 Nd5 25. Bxd5 exd5 26. Nd3
Nxd3 27. exd3 Kf8 28. f4 Ke7 29. Kf2 Kd6 30. g4 d4 31. Kf3 Kd5 32. b4 f6 33. f5
Ke5 34. h4 h5 35. Kg3 hxg4 36. Kxg4 Kd6 37. Kf4 Kd5 38. h5 Kc6 39. Ke4 Kd6 40.
Kxd4 Kc6 41. Ke4 Kd6 42. d4 Kc6 43. d5+ Kc7 44. Kd4 Kd6 45. a3 Kd7 46. Kc5 Kc8
47. Kc6 Kd8 48. d6 a5 49. bxa5 Ke8 50. d7+ Ke7 51. a6 g6 52. hxg6 Kf8 53. d8=N
Kg7 54. Nf7 b4 55. a7 bxa3 {SuperChicken resigns} 1-0

[Event "ICS rated blitz match"]
[Site "204.178.125.65"]
[Date "2001.04.29"]
[Round "?"]
[White "ChesterX"]
[Black "Hossa"]
[Result "1-0"]
[WhiteElo "2698"]
[BlackElo "2546"]
[PlyCount "125"]
[EventDate "2001.??.??"]

1. d4 d5 2. c4 c6 3. e3 Nf6 4. Nf3 Bg4 5. h3 Bxf3 6. Qxf3 e6 7. Bd3 dxc4 8.
Bxc4 Nbd7 9. O-O Nb6 10. Bb3 Be7 11. Rd1 O-O 12. e4 Bb4 13. Bg5 h6 14. Bh4 Be7
15. Bg3 Bb4 16. a3 Ba5 17. Bh4 g5 18. Bg3 Qe7 19. Bd6 Qxd6 20. Qxf6 Qf4 21.
Qxh6 Qh4 22. Qxh4 gxh4 23. Rc1 Nd7 24. d5 exd5 25. exd5 Rfb8 26. Rd1 Nf6 27.
Nd2 cxd5 28. Nf3 Rd8 29. Nxh4 Bb6 30. Nf5 Kh7 31. Rac1 Ne4 32. Rxd5 Nxf2 33.
Kh2 Kg6 34. Nd6 Be3 35. Rc4 Rd7 36. Ba4 Rdd8 37. Bc2+ Kf6 38. Rf5+ Ke6 39. Nb5
Rac8 40. Nc7+ Rxc7 41. Rxc7 f6 42. Rxb7 Bd4 43. Rf3 a5 44. b4 Kd6 45. bxa5 Rc8
46. Bf5 Rd8 47. Rb4 Bc5 48. Rb2 Ra8 49. Rd2+ Ke7 50. Rd7+ Ke8 51. Rd5 Ba7 52.
g4 Rb8 53. Rc3 Kf8 54. Rd7 Ra8 55. Rcc7 Be3 56. Rf7+ Kg8 57. Rg7+ Kf8 58. Rcf7+
Ke8 59. Bd7+ Kd8 60. Bc6 Nxg4+ 61. Kg2 Bc5 62. Rg8+ Bf8 63. Rgxf8# {
Hossa checkmated} 1-0

[Event "ICS rated standard match"]
[Site "204.178.125.65"]
[Date "2001.04.29"]
[Round "?"]
[White "sim"]
[Black "Hossa"]
[Result "0-1"]
[WhiteElo "1421"]
[BlackElo "2328"]
[PlyCount "50"]
[EventDate "2001.??.??"]

1. d4 Nf6 2. c4 e6 3. Nc3 Bb4 4. Bd2 O-O 5. a3 Be7 6. g3 d5 7. e3 c5 8. Nf3
cxd4 9. Nxd4 e5 10. Nf3 d4 11. exd4 exd4 12. Ne2 Nc6 13. Bg2 d3 14. Nf4 Re8 15.
O-O Bf5 16. Nh4 Bg4 17. Qb1 g5 18. Bxc6 bxc6 19. f3 gxf4 20. fxg4 fxg3 21. hxg3
Nxg4 22. Qd1 Bc5+ 23. Kg2 Re2+ 24. Kh3 h5 25. Rh1 Nf2+ {sim resigns} 0-1

[Event "ICS Rated blitz match"]
[Site "204.178.125.65"]
[Date "2001.05.10"]
[Round "?"]
[White "Hossa"]
[Black "ChesterX"]
[Result "1-0"]
[WhiteElo "2553"]
[BlackElo "2774"]
[PlyCount "135"]
[EventDate "2001.??.??"]

1. Nf3 Nf6 2. Nc3 e6 3. e4 Nc6 4. e5 Nd5 5. Nxd5 exd5 6. d4 d6 7. Bb5 Bg4 8. h3
Bxf3 9. Qxf3 dxe5 10. dxe5 Be7 11. Be3 O-O 12. O-O-O Nxe5 13. Qxd5 Qxd5 14.
Rxd5 f6 15. Be2 Rfd8 16. Rxd8+ Rxd8 17. f4 Ng6 18. h4 Bd6 19. Bc4+ Kf8 20. g3
Ne7 21. Be6 Nc6 22. Re1 g6 23. c3 f5 24. b4 a6 25. Kb2 Kg7 26. a4 Kf6 27. Bc4
Bf8 28. Be2 Be7 29. Kb3 Ke6 30. Bf3 Kd7 31. Bd5 Re8 32. Bf2 Nd8 33. Bd4 c6 34.
Bf3 Bd6 35. Rd1 Ke7 36. Bb6 Ne6 37. Re1 Kd7 38. Kc4 Bc7 39. Rd1+ Ke7 40. Bxc7
Nxc7 41. Kc5 Rd8 42. Kb6 Rxd1 43. Bxd1 Nd5+ 44. Kxb7 Nxc3 45. Bb3 Ne4 46. Kxa6
Nd2 47. Bc2 Kd6 48. Kb7 Ne4 49. a5 Kd7 50. a6 Nd6+ 51. Kb8 Nb5 52. Ba4 Nc7 53.
a7 Kd6 54. Kb7 h6 55. Bxc6 h5 56. b5 Nxb5 57. Bxb5 Kc5 58. Be8 Kd4 59. Bxg6 Ke3
60. Bxh5 Kd4 61. a8=Q Kd3 62. Qd8+ Kc3 63. Qd1 Kc4 64. Bf7+ Kc3 65. Qe2 Kd4 66.
Qd2+ Kc5 67. Qc3+ Kd6 68. Qc7# {ChesterX checkmated} 1-0

[Event "ICS Rated blitz match"]
[Site "204.178.125.65"]
[Date "2001.07.02"]
[Round "?"]
[White "Hossa"]
[Black "ChesterX"]
[Result "0-1"]
[WhiteElo "2546"]
[BlackElo "2754"]
[PlyCount "111"]
[EventDate "2001.??.??"]

1. g3 e5 2. d3 d5 3. Bg2 g6 4. Nf3 Bg7 5. O-O Nc6 6. e4 Nge7 7. exd5 Nxd5 8.
Nc3 Nxc3 9. bxc3 O-O 10. Ba3 Re8 11. Nd2 Bd7 12. Re1 b6 13. Bd5 Rb8 14. Qf3 Qf6
15. Qe2 Ne7 16. Bg2 c5 17. Ne4 Qe6 18. Ng5 Qf5 19. Bh3 Qxg5 20. Bxd7 Red8 21.
f4 exf4 22. Qxe7 Qxe7 23. Rxe7 Bxc3 24. Rb1 Bf6 25. Re4 Rxd7 26. gxf4 Bd4+ 27.
Kg2 f5 28. Re6 Kf7 29. Rbe1 b5 30. Bc1 Rc8 31. Kf3 c4 32. R6e2 cxd3 33. cxd3
Bb6 34. Rd1 Rcd8 35. Red2 a6 36. Bb2 Ba5 37. Rc2 Rxd3+ 38. Rxd3 Rxd3+ 39. Ke2
Rh3 40. Kf1 Ke6 41. Kg2 Rd3 42. Be5 Kd5 43. Re2 Bb6 44. Kf1 Be3 45. h4 Ke4 46.
Kg2 Rd2 47. Rxd2 Bxd2 48. Bd6 Bxf4 49. Be7 Be3 50. Bf6 f4 51. Kf1 f3 52. Be7 h6
53. Ke1 g5 54. hxg5 hxg5 55. Bd6 Bf4 56. Bb4 {Hossa resigns} 0-1